000 01116nam a2200265Ia 4500
003 OSt
005 20220923211452.0
006 a|||||r|||| 00| 0
007 ta
008 220922b |||||||| |||| 00| 0 hin d
020 _a9789350723111 (hbk)
_c295
024 _a280,024
037 _b273, 03/03/2014, Vani Prakashan
_cTextual
040 _aARTS
_cARTS
_bhin
041 _2hin
_ahin
082 _aO152,1J03:g, Q2
100 _aसंगारी, कुमकुम; गुप्ता, अनुपमा, अनु.
_9160565
245 0 _aमीराबाई और भक्ति की आध्यात्मिक अर्थनीति
246 _aMīrābāī aur bhakti kī ādhyātmik arthanīti
260 _aनई दिल्ली
_b वाणी प्रकाशन
_c2012
300 _a139पृ.
_ccm.
650 _aहिन्दी साहित्य
_9156264
942 _hO152,1J03:g, Q2
_cTEXL
_2CC
999 _c299846
_d299846